[Event "89th YMCA Spring-A"]
[Site "Warszawa"]
[Date "2011.06.03"]
[Round "10"]
[White "Szymczak, Rafal"]
[Black "Liberadzki, Slawomir"]
[Result "1/2-1/2"]
[WhiteElo "2089"]
[BlackElo "2013"]
[PlyCount "48"]
[EventDate "2011.03.29"]
[EventType "tourn"]
[EventRounds "1"]
[EventCountry "POL"]
[SourceDate "2011.03.31"]

1. f4 d5 2. Nf3 g6 3. g3 Bg7 4. Bg2 Nh6 5. d3 c5 6. O-O O-O 7. e4 dxe4 8. dxe4
Nc6 9. c3 e5 10. Na3 b6 11. Qe2 Qe7 12. h3 Re8 13. Nxe5 Nxe5 14. fxe5 Qxe5 15.
Bf4 Qe7 16. Rad1 Bb7 17. Rfe1 Rad8 18. Rxd8 Rxd8 19. Rd1 Rxd1+ 20. Qxd1 Bxe4
21. Bxe4 Qxe4 22. Qd8+ Bf8 23. Bxh6 Qe1+ 24. Kg2 Qe2+ 1/2-1/2

[Event "89th YMCA Spring-A"]
[Site "Warszawa"]
[Date "2011.06.03"]
[Round "10"]
[White "Zurkowski, Andrzej"]
[Black "Malec, Sebastian"]
[Result "0-1"]
[WhiteElo "2135"]
[BlackElo "2195"]
[PlyCount "60"]
[EventDate "2011.03.29"]
[EventType "tourn"]
[EventRounds "1"]
[EventCountry "POL"]
[SourceDate "2011.03.31"]

1. d4 Nf6 2. Nf3 e6 3. e3 b6 4. Bd3 Bb7 5. O-O c5 6. b3 Be7 7. Bb2 O-O 8. Nbd2
d6 9. Qe2 Nbd7 10. a4 Nd5 11. dxc5 Nxc5 12. Nd4 Nxd3 13. cxd3 Bf6 14. Ne4 Bxd4
15. Bxd4 e5 16. Bb2 f5 17. Nc3 f4 18. Nxd5 f3 19. gxf3 Qg5+ 20. Kh1 Bxd5 21. e4
Be6 22. Rg1 Qh5 23. Rg3 Rf4 24. Rag1 Rh4 25. Rxg7+ Kh8 26. R7g2 h6 27. Qe3 Bh3
28. Rg3 Bf1 29. R1g2 Bxg2+ 30. Rxg2 Rg8 0-1

[Event "89th YMCA Spring-A"]
[Site "Warszawa"]
[Date "2011.06.07"]
[Round "11"]
[White "Malec, Sebastian"]
[Black "Choroszej, Aleksander"]
[Result "0-1"]
[WhiteElo "2195"]
[BlackElo "2067"]
[PlyCount "58"]
[EventDate "2011.03.29"]
[EventType "tourn"]
[EventRounds "1"]
[EventCountry "POL"]
[SourceDate "2011.03.31"]

1. e4 g6 2. d4 Bg7 3. Nc3 d6 4. Be3 a6 5. g4 b5 6. Bg2 Bb7 7. Nge2 Nd7 8. O-O
c5 9. Ng3 cxd4 10. Bxd4 e5 11. Be3 Nc5 12. Nd5 Ne7 13. Bg5 Bxd5 14. exd5 O-O
15. b4 Na4 16. Ne4 h6 17. Bf6 Bxf6 18. Nxf6+ Kg7 19. Qf3 Rc8 20. Rae1 Rxc2 21.
Qd1 Rc4 22. f4 Kxf6 23. Qa1 Kg7 24. fxe5 Qb6+ 25. Kh1 Qd4 26. exd6 Ng8 27. Qb1
Rxb4 28. Qc1 Rc4 29. Qb1 Nf6 0-1

[Event "89th YMCA Spring-A"]
[Site "Warszawa"]
[Date "2011.06.14"]
[Round "11"]
[White "Liberadzki, Slawomir"]
[Black "Zurkowski, Andrzej"]
[Result "1/2-1/2"]
[WhiteElo "2013"]
[BlackElo "2135"]
[Annotator "M"]
[PlyCount "71"]
[EventDate "2011.03.29"]
[EventType "tourn"]
[EventRounds "1"]
[EventCountry "POL"]
[SourceDate "2011.03.31"]

1. e4 d5 2. exd5 Qxd5 3. Nc3 Qd6 4. d4 Nf6 5. Nf3 Bg4 6. h3 Bxf3 7. Qxf3 c6 8.
Be3 e6 9. O-O-O Qc7 10. g4 Bd6 11. Ne4 Nxe4 12. Qxe4 Nd7 13. c4 O-O-O 14. Kb1
c5 15. Bg2 e5 16. dxe5 Nxe5 17. Rd5 Rd7 18. Rhd1 Rhd8 19. Bf4 Nc6 20. Bxd6 Rxd6
21. Qf5+ Kb8 22. Qxh7 Rxd5 23. Rxd5 Re8 24. Rd1 Nd4 25. Qxg7 Qf4 26. Bd5 $11
Qxf2 27. Rc1 Qd2 28. a3 Qd3+ 29. Ka2 Qb3+ 30. Kb1 Qd3+ 31. Ka2 Ne2 32. Rh1 Nd4
33. Qxf7 Qb3+ 34. Kb1 Rh8 35. Re1 Rc8 36. Re7 1/2-1/2

[Event "89th YMCA Spring-A"]
[Site "Warszawa"]
[Date "2011.06.10"]
[Round "11"]
[White "Krasiewicz, Robert"]
[Black "Szymczak, Rafal"]
[Result "1/2-1/2"]
[WhiteElo "2057"]
[BlackElo "2089"]
[Annotator "M"]
[PlyCount "58"]
[EventDate "2011.03.29"]
[EventType "tourn"]
[EventRounds "1"]
[EventCountry "POL"]
[SourceDate "2011.03.31"]

1. d4 Nf6 2. c4 c5 3. d5 b5 4. g3 d6 5. Bg2 g6 6. cxb5 a6 7. bxa6 Nxa6 8. Nc3
Bg7 9. e4 Qa5 10. Nge2 O-O 11. O-O Bd7 12. h3 Rfb8 13. f4 Ne8 14. Rf3 c4 15.
Kh2 Nc5 16. Rb1 Nd3 17. Qd2 f5 18. exf5 Bxf5 19. g4 Nxc1 20. Rxc1 Bd3 21. Re3
Ra7 22. Be4 Bxe4 23. Rxe4 Qc5 24. Nd1 Rxb2 25. Nxb2 Qf2+ 26. Kh1 Qf3+ 27. Kh2
Qf2+ 28. Kh1 Qf3+ 29. Kh2 Qf2+ $11 1/2-1/2

[Event "89th YMCA Spring-A"]
[Site "Warszawa"]
[Date "2011.06.09"]
[Round "11"]
[White "Grochulski, Grzegorz"]
[Black "Sielicki, Tomasz"]
[Result "1-0"]
[WhiteElo "2069"]
[BlackElo "2026"]
[PlyCount "117"]
[EventDate "2011.03.29"]
[EventType "tourn"]
[EventRounds "1"]
[EventCountry "POL"]
[SourceDate "2011.03.31"]

1. e4 e5 2. Nf3 Nc6 3. Bc4 Bc5 4. c3 Nf6 5. d4 exd4 6. e5 d5 7. Bb5 Ne4 8. cxd4
Bb6 9. Nbd2 O-O 10. Nb3 Bg4 11. h3 Bh5 12. Bxc6 bxc6 13. Be3 f6 14. Qc2 fxe5
15. Nxe5 Qh4 16. O-O Rf6 17. a4 a5 18. Nd2 Re8 19. Nxe4 dxe4 20. Qc4+ Kh8 21.
Rfe1 Rxe5 22. dxe5 Rg6 23. Qf1 Bf3 24. Kh2 Bxg2 25. Qxg2 Rxg2+ 26. Kxg2 Bxe3
27. Rxe3 Qg5+ 28. Kf1 Qxe5 29. Rd1 h6 30. b3 c5 31. Rc1 Kh7 32. Rc4 Kg6 33.
Rec3 h5 34. Rxc5 Qd4 35. Rxc7 Kh7 36. Re3 Kg6 37. Rc4 Qd1+ 38. Kg2 Kf5 39. Rc5+
Kf4 40. Rc4 Kf5 41. Rcxe4 Qd5 42. Kg3 Qd6+ 43. Re5+ Kf6 44. Kf3 Qxe5 45. Rxe5
Kxe5 46. Ke3 g5 47. Kd3 Kd5 48. f3 h4 49. Kc3 Kc5 50. b4+ axb4+ 51. Kb3 Kb6 52.
Kxb4 Ka6 53. Kc5 Ka5 54. Kd5 Kxa4 55. Ke5 Kb5 56. Kf5 Kc5 57. Kxg5 Kd5 58. Kxh4
Ke5 59. Kg5 1-0

[Event "89th YMCA Spring-A"]
[Site "Warszawa"]
[Date "2011.06.10"]
[Round "11"]
[White "Kielar, Maciej"]
[Black "Kaczorowski, Piotr"]
[Result "1-0"]
[WhiteElo "2101"]
[BlackElo "2117"]
[PlyCount "73"]
[EventDate "2011.03.29"]
[EventType "tourn"]
[EventRounds "1"]
[EventCountry "POL"]
[SourceDate "2011.03.31"]

1. e4 c6 2. d4 d5 3. f3 g6 4. Nc3 Bg7 5. Be3 e6 6. Qd2 Nd7 7. O-O-O Nb6 8. g4
dxe4 9. Nxe4 e5 10. Qb4 Nd5 11. Nd6+ Kf8 12. Qa3 Qe7 13. Bd2 exd4 14. Re1 Be6
15. Bc4 Bh6 16. Bxh6+ Nxh6 17. Bxd5 cxd5 18. Ne2 Rd8 19. Nxb7 Qxa3 20. bxa3 Rb8
21. Na5 d3 22. cxd3 Kg7 23. Nb3 Rhc8+ 24. Kd2 Ng8 25. Rc1 g5 26. Rxc8 Rxc8 27.
Nbd4 Ne7 28. Rb1 Rc7 29. a4 Bd7 30. Nc3 h5 31. Re1 Bc8 32. Ncb5 Rd7 33. Nb3 Nc6
34. Re8 Rd8 35. Rxd8 Nxd8 36. Nxa7 Bd7 37. Nc5 1-0

[Event "89th YMCA Spring-A"]
[Site "Warszawa"]
[Date "2011.06.10"]
[Round "11"]
[White "Kasperkiewicz, Pawel"]
[Black "Gluszko, Monika"]
[Result "0-1"]
[WhiteElo "2128"]
[BlackElo "1990"]
[PlyCount "114"]
[EventDate "2011.03.29"]
[EventType "tourn"]
[EventRounds "1"]
[EventCountry "POL"]
[SourceDate "2011.03.31"]

1. e4 c5 2. c3 e6 3. d4 d5 4. exd5 exd5 5. Nf3 Nc6 6. Bb5 Bd6 7. dxc5 Bxc5 8.
O-O Nge7 9. Nbd2 O-O 10. Nb3 Bd6 11. Bg5 Qc7 12. Bh4 Nf5 13. Bg3 Nxg3 14. hxg3
Rd8 15. Bd3 a6 16. Re1 h5 17. Bc2 Bg4 18. Qxd5 Nb4 19. Qe4 Nxc2 20. Qxc2 Bxf3
21. gxf3 h4 22. f4 g5 23. Qf5 gxf4 24. gxh4 Be7 25. Nd4 Rd6 26. Kh1 Rh6 27.
Rg1+ Kh8 28. Rg4 Bxh4 29. Kg2 Rg8 30. Rxg8+ Kxg8 31. Re1 Rg6+ 32. Kf3 Qd8 33.
Re5 Bg5 34. Qe4 Qd7 35. Re8+ Kh7 36. Ke2 b5 37. Kd3 f5 38. Qe5 Bf6 39. Qe6 Qb7
40. Rf8 Qh1 41. Kc2 Qe4+ 42. Kb3 Bxd4 43. Qxe4 fxe4 44. cxd4 f3 45. Rf4 Rg2 46.
Rxe4 Rxf2 47. Rf4 Kg6 48. a4 Kg5 49. Rf8 bxa4+ 50. Kxa4 Kg4 51. b4 Rd2 52. Ka5
Rxd4 53. Rf6 Rf4 54. Rg6+ Kh3 55. Rh6+ Kg3 56. Rg6+ Rg4 57. Rf6 f2 0-1

[Event "89th YMCA Spring-A"]
[Site "Warszawa"]
[Date "2011.06.10"]
[Round "11"]
[White "Jaworski, Andrzej"]
[Black "Jarmula, Pawel"]
[Result "0-1"]
[WhiteElo "2040"]
[BlackElo "2031"]
[PlyCount "68"]
[EventDate "2011.03.29"]
[EventType "tourn"]
[EventRounds "1"]
[EventCountry "POL"]
[SourceDate "2011.03.31"]

1. e4 c5 2. Nc3 Nc6 3. Nf3 e6 4. d3 a6 5. a4 d6 6. Bg5 Be7 7. Bxe7 Ngxe7 8. Be2
Qb6 9. b3 O-O 10. O-O Bd7 11. Qd2 Nd4 12. Bd1 Qc7 13. Nxd4 cxd4 14. Ne2 e5 15.
f4 f6 16. h3 d5 17. Ng3 Rac8 18. Rc1 dxe4 19. Nxe4 Nd5 20. fxe5 Qxe5 21. Re1
Ne3 22. c4 f5 23. Ng5 Bc6 24. Qf2 f4 25. Nf3 Qc5 26. Be2 Rf6 27. Bf1 Rcf8 28.
Kh1 Rg6 29. Re2 a5 30. Rb1 Rg3 31. Kh2 Rf6 32. Ne1 Qh5 33. b4 axb4 34. Rxb4
Ng4+ 0-1

[Event "89th YMCA Spring-A"]
[Site "Warszawa"]
[Date "2011.06.14"]
[Round "12"]
[White "Choroszej, Aleksander"]
[Black "Jarmula, Pawel"]
[Result "1-0"]
[WhiteElo "2067"]
[BlackElo "2031"]
[PlyCount "109"]
[EventDate "2011.03.29"]
[EventType "tourn"]
[EventRounds "1"]
[EventCountry "POL"]
[SourceDate "2011.03.31"]

1. d4 d5 2. c4 c6 3. Nc3 Nf6 4. Nf3 e6 5. Bf4 dxc4 6. e3 b5 7. a4 b4 8. Nb1 Ba6
9. Qc2 b3 10. Qc1 Bb4+ 11. Nbd2 Qd5 12. Be2 Ne4 13. Bxb8 Rxb8 14. O-O c3 15.
Bxa6 cxd2 16. Qc4 O-O 17. Ne5 Qxc4 18. Bxc4 Rfc8 19. Rfd1 c5 20. d5 Nd6 21.
dxe6 Nxc4 22. exf7+ Kf8 23. Nxc4 Rd8 24. Kf1 Rd5 25. Ke2 Rbd8 26. f4 Kxf7 27.
Rf1 Ke6 28. Rad1 h5 29. Rf3 R5d7 30. Rh3 g6 31. Rg3 Kd5 32. Ne5 Rd6 33. Rg5 Ke6
34. Rxg6+ Kf5 35. Rg5+ Kf6 36. Rxh5 Kg7 37. Rg5+ Kf6 38. Rg6+ Kf5 39. g4+ Ke4
40. Rg5 Rd5 41. h4 Rh8 42. Nd7 Rh6 43. h5 c4 44. Rxd5 Kxd5 45. g5 Rh8 46. Nf6+
Ke6 47. h6 Kf5 48. Kf3 c3 49. bxc3 Bxc3 50. e4+ Kg6 51. Nd5 Ba5 52. Kg4 b2 53.
f5+ Kf7 54. g6+ Ke8 55. g7 1-0

[Event "89th YMCA Spring-A"]
[Site "Warszawa"]
[Date "2011.06.17"]
[Round "12"]
[White "Sielicki, Tomasz"]
[Black "Kielar, Maciej"]
[Result "1-0"]
[WhiteElo "2026"]
[BlackElo "2101"]
[PlyCount "69"]
[EventDate "2011.03.29"]
[EventType "tourn"]
[EventRounds "1"]
[EventCountry "POL"]
[SourceDate "2011.03.31"]

1. d4 c5 2. d5 Nf6 3. Nc3 g6 4. e4 d6 5. Be2 Bg7 6. Nf3 O-O 7. O-O e6 8. Bf4
exd5 9. exd5 a6 10. a4 Re8 11. Re1 Ne4 12. Nxe4 Rxe4 13. Bg5 f6 14. Bh4 Bg4 15.
Bg3 Nd7 16. h3 Bh5 17. Bxd6 Qb6 18. Bh2 f5 19. Nd2 Bxe2 20. Rxe2 Rd4 21. c4 Bh6
22. Qe1 Rf8 23. Nf3 Rxc4 24. Re7 Nf6 25. Bc7 Qxb2 26. Qe6+ Kh8 27. Be5 Rc1+ 28.
Kh2 Bf4+ 29. Bxf4 Qxa1 30. Be5 Rh1+ 31. Kg3 f4+ 32. Kh4 g5+ 33. Nxg5 Rxh3+ 34.
gxh3 Qd1 35. Rxh7# 1-0

[Event "89th YMCA Spring-A"]
[Site "Warszawa"]
[Date "2011.06.21"]
[Round "12"]
[White "Zurkowski, Andrzej"]
[Black "Krasiewicz, Robert"]
[Result "1/2-1/2"]
[WhiteElo "2135"]
[BlackElo "2057"]
[Annotator "M"]
[PlyCount "87"]
[EventDate "2011.03.29"]
[EventType "tourn"]
[EventRounds "1"]
[EventCountry "POL"]
[SourceDate "2011.03.31"]

1. d4 Nf6 2. Nf3 e6 3. c4 d5 4. Nc3 c6 5. e3 Nbd7 6. Bd3 dxc4 7. Bxc4 b5 8. Bd3
a6 9. O-O Bb7 10. e4 c5 11. e5 cxd4 12. Nxb5 Ng4 13. Nbxd4 Ndxe5 14. Qa4+ Qd7
15. Qxd7+ Kxd7 16. Nxe5+ Nxe5 17. Bc2 Bc5 18. Be3 Rac8 19. Ba4+ Ke7 20. Rfe1
Rhd8 21. Rad1 Kf6 22. Bb3 Ng4 23. Nc2 Nxe3 24. Nxe3 h5 25. Nc4 Bd5 26. Nd2 Bd4
27. Ne4+ Bxe4 28. Rxe4 Bxb2 29. Rxd8 Rxd8 30. Re1 Rd2 31. Rd1 $11 Rxd1+ 32.
Bxd1 h4 33. h3 Ke5 34. Kf1 Kf4 35. Bb3 g5 36. Ke2 a5 37. Kf1 Ke5 38. Ke2 f5 39.
Kf3 Bd4 40. g4 Bc5 41. gxf5 exf5 42. Ba4 Kf6 43. Bd7 Bd6 44. a4 1/2-1/2

[Event "89th YMCA Spring-A"]
[Site "Warszawa"]
[Date "2011.06.17"]
[Round "12"]
[White "Malec, Sebastian"]
[Black "Liberadzki, Slawomir"]
[Result "1-0"]
[WhiteElo "2195"]
[BlackElo "2013"]
[PlyCount "101"]
[EventDate "2011.03.29"]
[EventType "tourn"]
[EventRounds "1"]
[EventCountry "POL"]
[SourceDate "2011.03.31"]

1. e4 c5 2. Nf3 Nc6 3. d4 cxd4 4. Nxd4 e6 5. Nc3 Qc7 6. Be2 a6 7. O-O Nf6 8.
Be3 Bb4 9. Na4 Be7 10. Nxc6 bxc6 11. Nb6 Rb8 12. Nxc8 Qxc8 13. Bd4 c5 14. Be5
Rb6 15. Qd3 O-O 16. c4 Rd8 17. Bc3 Rf8 18. f4 d5 19. exd5 exd5 20. cxd5 Rd6 21.
Bf3 c4 22. Qe3 Re8 23. Kh1 Nxd5 24. Bxd5 Rxd5 25. Rae1 Rdd8 26. Qg3 Bf8 27.
Rxe8 Rxe8 28. f5 Qd7 29. Bxg7 Qd3 30. Bc3+ Qxg3 31. hxg3 Re3 32. Rf3 Rxf3 33.
gxf3 Bd6 34. Kg2 Kf8 35. Bf6 Ke8 36. f4 Kd7 37. Kh3 Kc6 38. Kg4 Kd5 39. Kh5 Ke4
40. Kg5 a5 41. a4 Bc5 42. Be5 Be7+ 43. f6 Bf8 44. Bc7 Bb4 45. Kh6 Kd3 46. Kg7
Ba3 47. bxa3 c3 48. Be5 c2 49. Bb2 Kc4 50. Kxf7 Kb3 51. Bc1 1-0

[Event "89th YMCA Spring-A"]
[Site "Warszawa"]
[Date "2011.06.21"]
[Round "13"]
[White "Liberadzki, Slawomir"]
[Black "Choroszej, Aleksander"]
[Result "1/2-1/2"]
[WhiteElo "2013"]
[BlackElo "2067"]
[Annotator "M"]
[PlyCount "47"]
[EventDate "2011.03.29"]
[EventType "tourn"]
[EventRounds "1"]
[EventCountry "POL"]
[SourceDate "2011.03.31"]

1. e4 g6 2. d4 Bg7 3. g3 d5 4. e5 c5 5. c3 Nc6 6. Bg2 cxd4 7. cxd4 e6 8. Ne2
Nge7 9. O-O O-O 10. Nbc3 f6 11. f4 b5 12. Be3 Ba6 13. Bf2 Qb6 14. Bh3 f5 15.
Re1 h6 16. Bf1 Rf7 17. Nc1 Bf8 18. Nb3 Nc8 19. Bg2 Qd8 20. Rc1 Rc7 21. Qf3 Nb6
22. Nc5 Bxc5 23. dxc5 Nc8 24. Red1 $11 1/2-1/2

[Event "89th YMCA Spring-A"]
[Site "Warszawa"]
[Date "2011.06.22"]
[Round "13"]
[White "Krasiewicz, Robert"]
[Black "Malec, Sebastian"]
[Result "0-1"]
[WhiteElo "2057"]
[BlackElo "2195"]
[PlyCount "88"]
[EventDate "2011.03.29"]
[EventType "tourn"]
[EventRounds "1"]
[EventCountry "POL"]
[SourceDate "2011.03.31"]

1. d4 Nf6 2. c4 e6 3. g3 c5 4. Nf3 cxd4 5. Nxd4 Nc6 6. Bg2 Bc5 7. Nb3 Be7 8.
Nc3 O-O 9. O-O d6 10. e4 Ne5 11. Qe2 Qc7 12. Nd2 Nc6 13. b3 Nd7 14. Nb5 Qb8 15.
Bb2 a6 16. Nd4 e5 17. Nf5 Bf6 18. Nf3 g6 19. Ne3 Bg7 20. Rfd1 Nc5 21. Nd5 b5
22. Rac1 b4 23. Nh4 Ra7 24. f4 f6 25. f5 g5 26. Nf3 a5 27. Rb1 a4 28. bxa4 Rxa4
29. a3 Qa7 30. axb4 Nxe4+ 31. c5 Bxf5 32. Qc4 Kh8 33. Ra1 Nxc5 34. Ne3 Be6 35.
Qb5 Nxb4 36. Rxd6 Rxa1+ 37. Bxa1 Qxa1+ 38. Rd1 Qc3 39. Nf1 g4 40. Nh4 Nc2 41.
h3 gxh3 42. Bf3 Qd4+ 43. Kh2 e4 44. Bxe4 Qxe4 0-1

[Event "89th YMCA Spring-A"]
[Site "Warszawa"]
[Date "2011.06.22"]
[Round "13"]
[White "Grochulski, Grzegorz"]
[Black "Zurkowski, Andrzej"]
[Result "1/2-1/2"]
[WhiteElo "2069"]
[BlackElo "2135"]
[PlyCount "20"]
[EventDate "2011.03.29"]
[EventType "tourn"]
[EventRounds "1"]
[EventCountry "POL"]
[SourceDate "2011.03.31"]

1. e4 e6 2. d4 d5 3. exd5 exd5 4. Bd3 Bd6 5. Ne2 Ne7 6. O-O O-O 7. c3 c6 8. Bf4
Bf5 9. h3 h6 10. Qc2 Qc7 1/2-1/2

[Event "89th YMCA Spring-A"]
[Site "Warszawa"]
[Date "2011.06.20"]
[Round "13"]
[White "Kasperkiewicz, Pawel"]
[Black "Sielicki, Tomasz"]
[Result "1-0"]
[WhiteElo "2128"]
[BlackElo "2026"]
[PlyCount "81"]
[EventDate "2011.03.29"]
[EventType "tourn"]
[EventRounds "1"]
[EventCountry "POL"]
[SourceDate "2011.03.31"]

1. e4 e5 2. Bc4 Nf6 3. d3 Nc6 4. Nc3 Na5 5. Nge2 Nxc4 6. dxc4 Bc5 7. Qd3 d6 8.
O-O Be6 9. Na4 Bb6 10. Nxb6 axb6 11. f4 exf4 12. Nxf4 Qd7 13. b3 O-O 14. Bb2
Ng4 15. h3 Ne5 16. Bxe5 dxe5 17. Qxd7 Bxd7 18. Nd5 Bc6 19. Nxc7 Ra3 20. Nd5
Bxd5 21. cxd5 Rfa8 22. Rfd1 Kf8 23. Rd3 Ke7 24. Rc3 Kd7 25. Rf1 Rf8 26. Rg3 g6
27. Rf6 Rxa2 28. Rc3 Ra6 29. d6 b5 30. Rc7+ Kd8 31. Rxb7 Rc6 32. Rxb5 Rxc2 33.
Rxe5 Re8 34. Ra5 Rc8 35. Rxf7 Rxe4 36. Raa7 Rb8 37. Rfd7+ Ke8 38. Rxh7 Kd8 39.
b4 g5 40. b5 Re6 41. b6 1-0

[Event "89th YMCA Spring-A"]
[Site "Warszawa"]
[Date "2011.06.15"]
[Round "13"]
[White "Jaworski, Andrzej"]
[Black "Kaczorowski, Piotr"]
[Result "1/2-1/2"]
[WhiteElo "2040"]
[BlackElo "2117"]
[Annotator "M"]
[PlyCount "46"]
[EventDate "2011.03.29"]
[EventType "tourn"]
[EventRounds "1"]
[EventCountry "POL"]
[SourceDate "2011.03.31"]

1. e4 c5 2. Nf3 d6 3. d4 cxd4 4. Nxd4 Nf6 5. Nc3 a6 6. Bg5 e6 7. Bc4 h6 8. Be3
b5 9. Bd3 Bb7 10. a3 Nbd7 11. O-O Rc8 12. Rc1 Rxc3 13. bxc3 Nxe4 14. c4 bxc4
15. Bxc4 d5 16. Bd3 Bxa3 17. Rb1 Nc3 18. Qg4 Nxb1 19. Rxb1 Bc8 20. Qxg7 Qf6 21.
Qxf6 Nxf6 22. Bxa6 O-O 23. Bd3 Kg7 $11 1/2-1/2

[Event "89th YMCA Spring-A"]
[Site "Warszawa"]
[Date "2011.06.21"]
[Round "13"]
[White "Jarmula, Pawel"]
[Black "Gluszko, Monika"]
[Result "1/2-1/2"]
[WhiteElo "2031"]
[BlackElo "1990"]
[Annotator "M"]
[PlyCount "61"]
[EventDate "2011.03.29"]
[EventType "tourn"]
[EventRounds "1"]
[EventCountry "POL"]
[SourceDate "2011.03.31"]

1. e4 c5 2. Nf3 e6 3. d4 cxd4 4. Nxd4 Nf6 5. Nc3 d6 6. g4 h6 7. h3 Nc6 8. Be3
a6 9. Qd2 Nxd4 10. Bxd4 b5 11. Bg2 Bb7 12. a3 Rc8 13. O-O-O e5 14. Be3 Qa5 15.
Kb1 Rxc3 16. Qxc3 Qxc3 17. bxc3 Nxe4 18. Kb2 Be7 19. Rhe1 d5 20. Bxe4 dxe4 21.
Bb6 h5 22. f3 hxg4 23. hxg4 f6 24. fxe4 Bc8 25. Rg1 g5 26. Rd2 Rh4 27. Bf2 Rxg4
28. Rh1 Be6 29. Rh8+ Kf7 30. Rh7+ Ke8 31. Rh8+ $11 1/2-1/2